Aká je proexportná politika USA

Ciele proexportného programu USA. Opatrenia na podporu exportu: zdroje prideľované podľa priorít, centrá pomoci z jedného miesta, strategický program pre každú partnerskú krajinu, zastupiteľské úrady presadzujú aj obchodné záujmy.

Salvato in:
Dettagli Bibliografici
Autore principale: Navračič, P.
Natura: Capitolo di libro
Lingua:slovacco
Soggetti:
Tags: Aggiungi Tag
Nessun Tag, puoi essere il primo ad aggiungerne!!

MARC

LEADER 00000naa a2200000 4500
001 r020101
005 20221213100708.6
041 0 |a slo 
044 |a SK 
245 1 0 |a Aká je proexportná politika USA  |c P. Navračič 
520 |a Ciele proexportného programu USA. Opatrenia na podporu exportu: zdroje prideľované podľa priorít, centrá pomoci z jedného miesta, strategický program pre každú partnerskú krajinu, zastupiteľské úrady presadzujú aj obchodné záujmy. 
610 2 0 |a podpora vývozu 
610 2 0 |a USA 
610 2 0 |a vývoz 
100 1 |a Navračič, P.